Lingüística, hoy

Salvato in:
Dettagli Bibliografici
Autore principale: Cerdá Massó, Ramón (Autore)
Natura: Libro
Lingua:spagnolo
Pubblicazione: Barcelona Teide 1969
Serie:Colección Hay que saber
Soggetti:
Tags: Aggiungi Tag
Nessun Tag, puoi essere il primo ad aggiungerne!!

MARC

LEADER 00000nam a2200000 a 4500
001 UCQ6038
003 CL-VaPUC
008 981009e19690000SP |||||||||||||||||spa|d
082 0 4 |a 410  |b CER  |2 21 
100 |a Cerdá Massó, Ramón  |e author  |9 419987 
245 1 0 |a Lingüística, hoy 
300 |a 158 p 
942 |c BK 
945 |d 19981009 00:00:00  |a cmena 
260 |a Barcelona  |b Teide  |c 1969 
650 0 |a Lingüística  |9 265068 
650 7 |a TEORIA LINGUISTICA  |2 CL-VaPUC  |9 334835 
650 0 |a Semántica  |9 265318 
650 7 |a MORFOSINTAXIS  |2 CL-VaPUC  |9 387664 
650 0 |a Fonología   |9 341074 
650 0 |a Comunicación   |9 257251 
583 |a last modification  |c 19981009 00:00:00  |k Rodrigo Vera 
490 0 |a Colección Hay que saber 
999 |c 276041  |d 276039 
952 |0 0  |1 0  |4 0  |6 410_000000000000000_CER_1969  |7 0  |8 A  |9 313151  |a FDOPOS  |b FDOPOS  |d 2019-11-20  |i 147913K  |o 410 CER 1969  |p 147913K  |r 2025-01-22  |w 2019-11-20  |y BK  |k MLA 
952 |0 0  |1 0  |4 0  |6 410_000000000000000_CER_1969  |7 0  |8 A  |9 313152  |a FDOPOS  |b FDOPOS  |d 2019-11-20  |i 4274563  |o 410 CER 1969  |p 4274563  |r 2025-01-22  |w 2019-11-20  |y BK  |k MLA